Virtuális valóság és művészet Együttélés vagy evolúció? Az új dimenziók lehetőségei és korlátai

Bibliográfiai részletek
Szerző: Tótpeti Lili
További közreműködők: Szokács Dr. Kinga
Dokumentumtípus: Diplomadolgozat
Kulcsszavak:digitalizáció
digitális felületek
digitális jövő
képzőművészet
művészet
Online Access:http://dolgozattar.uni-bge.hu/59647

MARC

LEADER 00000nta a2200000 i 4500
001 dolg59647
005 20260409145349.0
008 260409suuuu hu om 000 hun d
040 |a BGE Dolgozattár Repozitórium  |b hun 
041 |a hu 
100 1 |a Tótpeti Lili 
245 1 0 |a Virtuális valóság és művészet  |b Együttélés vagy evolúció? Az új dimenziók lehetőségei és korlátai  |c Tótpeti Lili  |h [elektronikus dokumentum] 
520 3 |a A szakdolgozat a digitális és klasszikus művészetek közötti hasonlóságokat, különbségeket és kapcsolódási pontokat vizsgálja. Bemutatja a klasszikus művészeti technikák (például festészet, szobrászat, grafika) történeti és esztétikai jelentőségét, valamint a digitális művészet fejlődését és szerepét a kortárs kultúrában. A dolgozat elemzi, hogyan befolyásolják a technológiai újítások a művészi kifejezésmódokat, az alkotói folyamatokat és a művek befogadását. Ezen kívül kitér a két művészeti ág integrációjára, például a digitális eszközök klasszikus technikákba történő beépítésére. A kutatás célja annak feltárása, hogy a digitális és klasszikus művészetek hogyan egészítik ki egymást, és milyen lehetőségeket nyújtanak a 21. századi művészeti gyakorlatban. Az elemzés során szakirodalmi forrásokra, esettanulmányokra és interjúkra épülő kvalitatív módszertant alkalmaztam. 
695 |a digitalizáció 
695 |a digitális felületek 
695 |a digitális jövő 
695 |a képzőművészet 
695 |a művészet 
700 1 |a Szokács Dr. Kinga  |e ths 
856 4 0 |u http://dolgozattar.uni-bge.hu/59647/1/T%C3%B3tpeti-Lili-_-Szakdolgozat%202025_v%C3%A9lem%C3%A9ny-2.pdf  |z Dokumentum-elérés 
856 4 0 |u http://dolgozattar.uni-bge.hu/59647/2/T%C3%B3tpeti%20Lili_KSZ_PA.pdf  |z Dokumentum-elérés 
856 4 0 |u http://dolgozattar.uni-bge.hu/59647/3/T%C3%B3tpeti%20Lili_KSZ_szok%C3%A1cs.kinga.pdf  |z Dokumentum-elérés